000 00538nam a2200217Ia 4500
003 OSt
005 20221005131847.0
006 a|||||r|||| 00| 0
007 ta
008 221004b |||||||| |||| 00| 0 eng d
024 _a52927
037 _cTextual
040 _aCRL
_cCRL
_beng
041 _2eng
_aeng
082 _aTp2:N45, H5
245 0 _aSymposium on post-war education in India. ed by TKN Menon.
260 _c1945
650 _aEDUCATION
942 _hTp2:N45, H5
_cTEXL
_2cc
999 _c1061671
_d1061671